| Tag |
First Indicator |
Second Indicator |
Subfields |
| LEADER |
00000cam a22000008a 4500 |
| 001 |
in00000073517 |
| 005 |
20151008053514.0 |
| 008 |
810406s1981 wb a b 00110 eng |
| 010 |
|
|
|a 81005296
|
| 020 |
|
|
|a 0387105492 (U.S.)
|
| 035 |
|
|
|a (OCoLC)07462422
|
| 035 |
|
|
|9 AAH7657AM
|
| 039 |
0 |
|
|a 2
|b 3
|c 3
|d 3
|e 3
|
| 040 |
|
|
|a DLC
|c DLC
|d TXA
|d UtOrBLW
|
| 049 |
|
|
|a TXAM
|c [932609]
|
| 050 |
0 |
0 |
|a QP371
|b .B76
|
| 060 |
|
0 |
|a WL 102.5 B877o
|
| 082 |
0 |
|
|a 612/.83
|2 19
|
| 100 |
1 |
|
|a Brown, A. G.
|q (Alan Geoffrey)
|
| 245 |
1 |
0 |
|a Organization in the spinal cord :
|b the anatomy and physiology of identified neurones /
|c A.G. Brown.
|
| 263 |
|
|
|a 8109
|
| 264 |
|
1 |
|a Berlin ;
|a New York :
|b Springer-Verlag,
|c 1981.
|
| 300 |
|
|
|a xii, 238 pages :
|b illustrations ;
|c 28 cm.
|
| 336 |
|
|
|a text
|b txt
|2 rdacontent
|
| 337 |
|
|
|a unmediated
|b n
|2 rdamedia
|
| 338 |
|
|
|a volume
|b nc
|2 rdacarrier
|
| 500 |
|
|
|a Includes index.
|
| 504 |
|
|
|a Bibliography: pages [221]-233.
|
| 650 |
|
0 |
|a Spinal cord
|x Localization of functions.
|
| 650 |
|
0 |
|a Cytoarchitectonics.
|
| 650 |
|
2 |
|a Neurons.
|
| 999 |
|
|
|a MARS
|
| 999 |
f |
f |
|s 5728d80f-ba45-30a3-93cd-a18768e13cec
|i 506d9f75-a87d-36e2-b425-c70a963fab88
|t 0
|
| 952 |
f |
f |
|p ric
|a Texas A&M University
|b Rellis Campus
|c Joint Library Facility
|d Remote Storage
|t 0
|e QP371 .B76
|h Library of Congress classification
|i unmediated -- volume
|m A14806224251
|
| 998 |
f |
f |
|a QP371 .B76
|t 0
|l Remote Storage
|